000
00335nam a2200133Ia 4500
008
230524s9999 xx 000 0 und d
020
_a
9788185986173
100
_a
R.K. Narayan
_9
36635
245
0
_a
Malgudi days
260
_b
India Thought
500
_a
Quantity Number: 1
650
_a
Personality Development
_9
36636
942
_c
BK
999
_c
50676
_d
50676